| 000 | 01502 a2200337 4500 | ||
|---|---|---|---|
| 001 | OB-cidehus-4263 | ||
| 003 | FrMaCLE | ||
| 005 | 20251214082603.0 | ||
| 007 | cu ||||||m|||| | ||
| 008 | 190327e||||||||xx |||||s|||||||||0|pt|d | ||
| 020 | _a979-10-365-1400-5 | ||
| 024 | 7 |
_a10.4000/books.cidehus.4263 _2doi |
|
| 040 | _aFR-FrMaCLE | ||
| 041 | _apor | ||
| 100 | 1 | _aMartins, Fernando | |
| 245 | 1 | 2 |
_aA Formação e a Consolidação Política do Salazarismo e do Franquismo : _bAs décadas de 1930 e 1940 / _cFernando Martins. |
| 260 |
_aÉvora : _bPublicações do CIDEHUS, _c2019. |
||
| 300 | _a298 p. | ||
| 500 | _aEbook | ||
| 520 | _a Independentemente daquilo que foi e é a especificidade da história política de Portugal e de Espanha, mas também daquela que é a liberdade criativa e reflexiva pedida aos autores de cada um dos textos aqui reproduzidos, o leitor encontrará neste livro uma análise profunda e original sobre o processo de consolidação política dos regimes autoritários ibéricos nas décadas de 1930 e 1940. | ||
| 540 |
_aOpenEdition Books License _uhttps://www.openedition.org/12554 |
||
| 650 | 4 | _aHistory | |
| 650 | 4 | _aPolitical Science | |
| 650 | 4 | _afranquismo | |
| 650 | 4 | _aséculo XX | |
| 650 | 4 | _aregimes políticos | |
| 650 | 4 | _aautoritarismo | |
| 650 | 4 | _aSalazarismo | |
| 776 | _z978-989-689-173-2 | ||
| 856 | 4 |
_eMartins, Fernando _uhttps://books.openedition.org/cidehus/4263 _yA Formação e a Consolidação Política do Salazarismo e do Franquismo |
|
| 999 |
_c3348 _d3348 |
||